[Event "41st Olympiad Women 2014"]
[Site "Tromso NOR"]
[Date "2014.08.10"]
[Round "8.37"]
[Board "1"]
[White "Gamboa Alvarado, Olga Leticia"]
[Black "Tuominen, Tanja"]
[Result "0-1"]
[WhiteTitle "WFM"]
[BlackTitle "WIM"]
[WhiteElo "1899"]
[BlackElo "2103"]
[WhiteTeam "Costa Rica"]
[BlackTeam "Finland"]
[WhiteFideId "6502270"]
[BlackFideId "502340"]
[EventDate "2014.08.02"]

1. d4 d5 2. c4 e6 3. cxd5 exd5 4. Nc3 c6 5. Nf3 Bf5 6. Bf4 Nd7 7. e3 Ngf6 8. h3
Be7 9. Bd3 Bxd3 10. Qxd3 O-O 11. O-O Re8 12. Ne5 Nf8 13. Bh2 Bd6 14. f4 c5 15.
g4 c4 16. Qe2 N6d7 17. Qf3 Nb6 18. Nxd5 Bxe5 19. Nxb6 Bxd4 20. Nxc4 Rc8 21. exd4
Qxd4+ 22. Qf2 Qxc4 23. Qxa7 Qd3 24. Qxb7 Rc2 25. Qf3 Re3 26. Qd1 Rg3+ 27. Kh1
Qe4+ 28. Rf3 Rxf3 29. Kg1 Rff2 0-1

[Event "41st Olympiad Women 2014"]
[Site "Tromso NOR"]
[Date "2014.08.10"]
[Round "8.37"]
[Board "2"]
[White "Nazarova, Anastasia"]
[Black "Rodriguez Arrieta, Maria Elena"]
[Result "1/2-1/2"]
[WhiteTitle "WCM"]
[BlackTitle "WFM"]
[WhiteElo "1904"]
[BlackElo "1920"]
[WhiteTeam "Finland"]
[BlackTeam "Costa Rica"]
[WhiteFideId "34101737"]
[BlackFideId "6502911"]
[EventDate "2014.08.02"]

1. e4 e5 2. Nf3 Nc6 3. Nc3 Nf6 4. g3 Bc5 5. Bg2 d6 6. O-O Be6 7. d3 Qd7 8. Na4
Nd4 9. Nxc5 Nxf3+ 10. Bxf3 dxc5 11. a3 h5 12. h4 O-O-O 13. Be3 c4 14. Qd2 Qb5
15. a4 Qa6 16. Qc3 Rhe8 17. dxc4 Qxc4 18. Qxc4 Bxc4 19. Rfd1 Ng4 20. Bc5 a5 21.
b3 Be6 22. Rxd8+ Rxd8 23. Rd1 Rxd1+ 24. Bxd1 Nf6 25. Bf3 Nd7 26. Ba3 g6 27. Be2
b6 28. Bd3 c5 29. f4 Kc7 30. c4 f6 31. Bb2 Bg4 32. Bc2 Kd6 33. Kf2 Ke6 34. Ke3
Nb8 1/2-1/2

[Event "41st Olympiad Women 2014"]
[Site "Tromso NOR"]
[Date "2014.08.10"]
[Round "8.37"]
[Board "3"]
[White "Acevedo Mendez, Lisseth"]
[Black "Walta, Paivi"]
[Result "1-0"]
[BlackTitle "WFM"]
[WhiteElo "1846"]
[BlackElo "1794"]
[WhiteTeam "Costa Rica"]
[BlackTeam "Finland"]
[WhiteFideId "6502938"]
[BlackFideId "504513"]
[EventDate "2014.08.02"]

1. e4 c5 2. Nf3 g6 3. d4 Bg7 4. c3 cxd4 5. Nxd4 Nc6 6. Be3 d6 7. Be2 Nf6 8. Nd2
O-O 9. O-O Bd7 10. f4 Qc7 11. Bf3 Rfd8 12. a4 Nxd4 13. Bxd4 e5 14. Be3 Bc6 15.
Qb3 d5 16. fxe5 Qxe5 17. Bd4 Qe7 18. Bxf6 Bxf6 19. exd5 Qc5+ 20. Kh1 Bxd5 21.
Bxd5 Qxd5 22. Rxf6 Qxd2 23. Rxf7 Kh8 24. Raf1 b6 25. Qe6 Qg5 26. Qh3 h5 27. c4
Qe5 28. Qg3 Qxg3 29. hxg3 Kg8 30. Rc7 Rf8 31. Rxf8+ Kxf8 32. b4 a5 33. b5 Re8
34. c5 bxc5 35. Rxc5 Re1+ 36. Kh2 Ke7 37. Rc7+ Kd6 38. Ra7 Kc5 39. Rxa5 Re4 40.
Ra6 g5 41. b6 Kc6 42. a5 Rb4 43. Ra7 Rb5 44. Rc7+ Kd6 45. Rh7 Rxa5 46. Rxh5 Kc6
47. Rh6+ Kb7 48. Rg6 Rb5 49. Kh3 Rd5 50. Kg4 Rb5 51. Kh5 Rb2 52. Kxg5 Rxg2 53.
g4 Rb2 54. Rf6 Rb5+ 55. Kg6 Rb4 56. g5 Rg4 57. Kh6 Rh4+ 58. Kg7 Rg4 59. g6 Rd4
60. Kh7 Rh4+ 61. Kg8 Rd4 62. g7 Rd5 63. Kh7 Rd7 64. Kh8 Rd2 65. Rh6 1-0

[Event "41st Olympiad Women 2014"]
[Site "Tromso NOR"]
[Date "2014.08.10"]
[Round "8.37"]
[Board "4"]
[White "Kujasalo, Marjatta"]
[Black "Ramirez Gonzalez, Maria Jose"]
[Result "0-1"]
[WhiteElo "1663"]
[BlackElo "1764"]
[WhiteTeam "Finland"]
[BlackTeam "Costa Rica"]
[WhiteFideId "507466"]
[BlackFideId "6503349"]
[EventDate "2014.08.02"]

1. Nf3 d5 2. d4 Nf6 3. g3 Bf5 4. Bg2 h6 5. O-O e6 6. c4 c6 7. b3 Be7 8. Nc3 O-O
9. Bb2 Nbd7 10. e3 Ne4 11. Ne2 a5 12. a4 Bf6 13. Ne5 Qc7 14. Nxd7 Qxd7 15. f3
Nd6 16. g4 Bh7 17. c5 Ne8 18. Ng3 Nc7 19. e4 Na6 20. e5 Bh4 21. f4 Nb4 22. f5
Bxg3 23. hxg3 exf5 24. gxf5 Bxf5 25. Qh5 Bg4 26. Qh4 Nc2 27. Rf4 Ne3 28. Bf3
Bxf3 29. Rxf3 Nc2 30. Raf1 Rae8 31. Bc1 Qe6 32. R3f2 Qg6 33. Qh2 Nxd4 34. Qh4
Qe4 35. Rf4 Ne2+ 36. Kh2 Nxf4 37. Bxf4 Qc2+ 38. Kh3 Re6 39. Qg4 Rg6 40. Qf3 Qxc5
41. Be3 Qe7 42. Bf4 d4 43. Qd3 c5 44. Kh2 Rb6 45. Rf2 Qe6 0-1

[Event "41st Olympiad Women 2014"]
[Site "Tromso NOR"]
[Date "2014.08.10"]
[Round "8.38"]
[Board "1"]
[White "Garcia Morales, Ivette Ale"]
[Black "Kyrkjebo, Hanna B."]
[Result "1-0"]
[WhiteTitle "WIM"]
[WhiteElo "2113"]
[BlackElo "1756"]
[WhiteTeam "Mexico"]
[BlackTeam "Norway 3"]
[WhiteFideId "5105994"]
[BlackFideId "1511599"]
[EventDate "2014.08.02"]

1. d4 d5 2. Nf3 Nf6 3. c4 c6 4. Nc3 a6 5. g3 dxc4 6. a4 e6 7. Bg2 Nbd7 8. O-O
Be7 9. e4 O-O 10. Qe2 c5 11. Rd1 cxd4 12. Nxd4 Qc7 13. Be3 e5 14. Nf5 Re8 15.
Nxe7+ Rxe7 16. Rac1 b6 17. Nd5 Nxd5 18. exd5 Qd6 19. Qxc4 Nf8 20. Qc6 Qxc6 21.
dxc6 Bg4 22. f3 Bf5 23. Bxb6 Rc8 24. Bf1 Re6 25. Bxa6 Rcxc6 26. Rxc6 Rxc6 27. a5
Bc8 28. Bb5 Rc2 29. b4 Ne6 30. a6 g6 31. Bd3 Ra2 32. Bc4 Ra3 33. Bxe6 Bxe6 34.
a7 Kg7 35. Ba5 Bc8 36. a8=Q 1-0

[Event "41st Olympiad Women 2014"]
[Site "Tromso NOR"]
[Date "2014.08.10"]
[Round "8.38"]
[Board "2"]
[White "Kyrkjebo, Marte B."]
[Black "Guerrero Rodriguez, Alejandra"]
[Result "0-1"]
[BlackTitle "WIM"]
[WhiteElo "1732"]
[BlackElo "2089"]
[WhiteTeam "Norway 3"]
[BlackTeam "Mexico"]
[WhiteFideId "1511602"]
[BlackFideId "5104297"]
[EventDate "2014.08.02"]

1. e4 c5 2. Nc3 g6 3. d4 Bg7 4. dxc5 Qa5 5. Bd2 Qxc5 6. Nd5 Na6 7. Bxa6 bxa6 8.
Bc3 Bxc3+ 9. Nxc3 Nf6 10. f3 Rb8 11. Qc1 d5 12. Nxd5 Nxd5 13. exd5 Qxd5 14. Ne2
Bf5 15. O-O Qc5+ 16. Kh1 Qxc2 17. Qxc2 Bxc2 18. Rac1 Bf5 19. Nd4 O-O 20. Nxf5
gxf5 21. Rf2 Rfd8 22. h3 Rd7 23. Re2 e6 24. Kg1 Rb6 25. Kf2 Rbd6 26. Ke1 Kg7 27.
f4 Rd4 28. g3 Rd3 29. Kf2 Kf6 30. Rc6 a5 31. Rc5 a4 32. Ra5 R3d4 33. Kf3 Rb7 34.
Ra6 Rdb4 35. Ra5 h5 36. h4 Rxb2 37. Rxb2 Rxb2 38. Rxa4 Rb7 39. Ra6 Rd7 40. Ke3
Ke7 41. Ke2 Kd8 42. Rc6 Rc7 43. Ra6 Kc8 44. Kd2 Rd7+ 45. Ke3 Kb7 46. Ra5 Rd6 47.
Ke2 Ra6 48. Rb5+ Kc6 49. Rb2 Ra3 50. Kf2 Kd5 51. Rd2+ Ke4 52. Re2+ Kd4 53. Rd2+
Rd3 54. Rc2 f6 55. Re2 e5 56. fxe5 fxe5 57. Rc2 e4 58. Re2 Kc3 59. Kg2 Rd2 60.
Kf2 Rxe2+ 61. Kxe2 Kd4 62. Kd2 e3+ 63. Ke2 Ke4 64. a4 a5 65. Ke1 Kf3 66. Kf1 e2+
67. Ke1 Ke3 68. g4 f4 0-1

[Event "41st Olympiad Women 2014"]
[Site "Tromso NOR"]
[Date "2014.08.10"]
[Round "8.38"]
[Board "3"]
[White "Real Pereyra, Diana Carime"]
[Black "Rodsmoen, Maud"]
[Result "1-0"]
[WhiteTitle "WIM"]
[WhiteElo "2061"]
[BlackElo "1805"]
[WhiteTeam "Mexico"]
[BlackTeam "Norway 3"]
[WhiteFideId "5104106"]
[BlackFideId "1510550"]
[EventDate "2014.08.02"]

1. d4 Nf6 2. c4 g6 3. Nc3 Bg7 4. e4 d6 5. Be2 O-O 6. Bg5 Na6 7. f4 c6 8. Nf3 Nc7
9. O-O Ne6 10. Qd2 Nxg5 11. Nxg5 h6 12. Nf3 d5 13. e5 Ne4 14. Qe3 Nxc3 15. bxc3
Be6 16. Nd2 Rc8 17. c5 b5 18. a4 a6 19. axb5 axb5 20. Ra6 Qd7 21. Rfa1 Rc7 22.
Nb3 Qc8 23. Qd2 f6 24. Nc1 g5 25. fxg5 hxg5 26. exf6 exf6 27. Nd3 Bh6 28. Nb4
Kg7 29. Qe3 Re8 30. Qg3 Bf7 31. Bg4 f5 32. Bxf5 Qxf5 33. Qxc7 g4 34. R6a2 Bf4
35. Qxc6 Rh8 36. h3 Be3+ 37. Kh2 Qf4+ 38. Kh1 gxh3 39. g3 Qxg3 40. Rf1 Qg4 41.
Rxf7+ Kxf7 42. Ra7+ Kf8 43. Qa8+ 1-0

[Event "41st Olympiad Women 2014"]
[Site "Tromso NOR"]
[Date "2014.08.10"]
[Round "8.38"]
[Board "4"]
[White "Jacobsen, Elise Sjottem"]
[Black "Duran Juarez, Citlali"]
[Result "0-1"]
[BlackTitle "WCM"]
[WhiteElo "1697"]
[BlackElo "1982"]
[WhiteTeam "Norway 3"]
[BlackTeam "Mexico"]
[WhiteFideId "1516493"]
[BlackFideId "5104084"]
[EventDate "2014.08.02"]

1. e4 e5 2. d4 exd4 3. Qxd4 Nc6 4. Qe3 Nf6 5. Nc3 Bb4 6. Bd2 O-O 7. O-O-O Re8 8.
Qg3 d6 9. f4 Rxe4 10. a3 Bxc3 11. Bxc3 Rb8 12. Bd3 Re8 13. Nh3 d5 14. Bc4 d4 15.
Ng5 Be6 16. Nxe6 fxe6 17. f5 Ne4 18. Qf4 Nxc3 19. bxc3 Qe7 20. Bxe6+ Kh8 21. Kb2
dxc3+ 22. Ka2 Rbd8 23. Qc4 Qf6 24. Rb1 Rd2 25. Qe4 Nd4 26. Rhc1 b6 27. Rb4 h6
28. Kb1 Nxe6 29. fxe6 Rxe6 30. Qa8+ Kh7 31. Qxa7 Re7 32. Rc4 Rxg2 33. Rxc7 Qe5 0-1

[Event "41st Olympiad Women 2014"]
[Site "Tromso NOR"]
[Date "2014.08.10"]
[Round "8.39"]
[Board "4"]
[White "Berhe, Azeb Asmelash"]
[Black "Antonova, Lidiya"]
[Result "0-1"]
[WhiteElo "1464"]
[BlackElo "1685"]
[WhiteTeam "Ethiopia"]
[BlackTeam "Tajikistan"]
[WhiteFideId "15700291"]
[BlackFideId "14700492"]
[EventDate "2014.08.02"]

1. e4 c5 2. Nf3 e6 3. d4 cxd4 4. Nxd4 Nf6 5. Bg5 Be7 6. e5 Qa5+ 7. Qd2 Qxe5+ 8.
Be2 Ne4 9. f4 Qc5 10. Bxe7 Qxe7 11. Qc1 Qh4+ 12. Kd1 Nf2+ 13. Kd2 Nxh1 14. g3
Qe7 15. c3 Nf2 16. Bf3 d5 17. Qe1 Ne4+ 18. Bxe4 dxe4 19. Qxe4 O-O 20. Na3 Rd8
21. Re1 Nc6 22. Nc2 Qc5 23. Kc1 Nxd4 24. Nxd4 Qd5 25. Qxd5 exd5 26. Re3 Bd7 27.
Kd2 Re8 28. Rf3 Bg4 29. Rf2 f5 30. a4 a6 31. b4 Re7 32. Kc2 Rae8 33. Kd2 Rc8 34.
Rf1 Rce8 35. Rf2 Re1 36. a5 Bh3 37. Nf3 R8e4 38. Ng5 Bg4 39. Nxe4 Rxe4 40. Kd3
Kf7 41. Rd2 Ke6 42. Rc2 Kd6 43. Rd2 h6 44. Kc2 g5 45. Rd4 Kc6 46. Rxe4 fxe4 47.
Kd2 Kb5 48. Ke3 Kc4 49. Kd2 gxf4 50. gxf4 Kb3 51. h4 h5 52. Ke3 Kxc3 53. f5 Bxf5
54. Kf4 Bg4 55. Ke5 Kxb4 56. Kxd5 e3 57. Kd6 e2 58. Kc7 Bf3 59. Kb8 e1=Q 60. Kc8
Qe7 0-1

[Event "41st Olympiad Women 2014"]
[Site "Tromso NOR"]
[Date "2014.08.10"]
[Round "8.40"]
[Board "1"]
[White "Boric, Elena"]
[Black "Menon Jayadev, Poornima"]
[Result "1-0"]
[WhiteTitle "WIM"]
[BlackTitle "WFM"]
[WhiteElo "2196"]
[BlackElo "1935"]
[WhiteTeam "Bosnia & Herzegovina"]
[BlackTeam "Ireland"]
[WhiteFideId "14400839"]
[BlackFideId "2501775"]
[EventDate "2014.08.02"]

1. e4 e6 2. Qe2 c5 3. f4 Nc6 4. Nf3 d6 5. g3 g6 6. Bg2 Bg7 7. O-O Nd4 8. Nxd4
Bxd4+ 9. Kh1 Bg7 10. f5 Qe7 11. Nc3 Nf6 12. Qb5+ Qd7 13. fxe6 fxe6 14. e5 dxe5
15. Qxc5 Qe7 16. Qxe7+ Kxe7 17. d3 Rb8 18. b3 b6 19. Ba3+ Kd7 20. Ne4 Ne8 21.
Rf7+ Kd8 22. Be7+ Kd7 23. Bd6+ Kd8 24. Bxb8 Bd7 25. Bxa7 Kc7 26. Bxb6+ Kxb6 27.
Rxd7 Bf8 28. a4 Ng7 29. a5+ Ka6 30. d4 exd4 31. Bf1+ 1-0

[Event "41st Olympiad Women 2014"]
[Site "Tromso NOR"]
[Date "2014.08.10"]
[Round "8.40"]
[Board "2"]
[White "Lowry-O'Reilly, Hannah"]
[Black "Dengler, Dijana"]
[Result "0-1"]
[WhiteTitle "WFM"]
[BlackTitle "WFM"]
[WhiteElo "1731"]
[BlackElo "2070"]
[WhiteTeam "Ireland"]
[BlackTeam "Bosnia & Herzegovina"]
[WhiteFideId "2501597"]
[BlackFideId "14400081"]
[EventDate "2014.08.02"]

1. d4 d5 2. c4 c6 3. Nc3 Nf6 4. c5 g6 5. Bg5 Bg7 6. e3 O-O 7. Bd3 Nbd7 8. f4 Ne8
9. Nf3 f6 10. Bh4 b6 11. b4 bxc5 12. bxc5 Qa5 13. Qd2 e5 14. fxe5 fxe5 15. Be2
exd4 16. exd4 Nxc5 17. Rc1 Ne6 18. O-O Nf4 19. Bd1 Ba6 20. Nb1 Qxd2 21. Nbxd2
Bxf1 22. Nxf1 Rc8 23. Ne3 Nf6 24. Ba4 Ne2+ 0-1

[Event "41st Olympiad Women 2014"]
[Site "Tromso NOR"]
[Date "2014.08.10"]
[Round "8.40"]
[Board "3"]
[White "Jacimovic, Sara"]
[Black "Ui Laighleis, Gearoidin"]
[Result "1/2-1/2"]
[BlackTitle "WCM"]
[WhiteElo "2032"]
[BlackElo "1830"]
[WhiteTeam "Bosnia & Herzegovina"]
[BlackTeam "Ireland"]
[WhiteFideId "14403668"]
[BlackFideId "2501171"]
[EventDate "2014.08.02"]

1. d4 d5 2. e3 Nf6 3. c4 e6 4. Nc3 Be7 5. Nf3 O-O 6. Bd3 h6 7. O-O b6 8. cxd5
Nxd5 9. Nxd5 Qxd5 10. Qc2 c6 11. Ne5 Bb7 12. f3 Bf6 13. Be4 Qd6 14. f4 Bxe5 15.
fxe5 Qd7 16. Qf2 Na6 17. Qg3 c5 18. Bb1 Kh8 19. Rf4 f5 20. exf6 Rxf6 21. Rxf6
gxf6 22. Qh4 Qg7 23. Be4 Bxe4 24. Qxe4 Rg8 25. g3 Qg4 26. Qxg4 Rxg4 27. Bd2 cxd4
28. exd4 h5 29. Bc3 Re4 30. d5 e5 31. Kf2 Nc5 32. h3 Rc4 33. Ke3 Nd7 34. Rf1 Kg7
35. Rg1 a5 36. g4 hxg4 37. Rxg4+ Rxg4 38. hxg4 Kg6 39. Bd2 f5 40. gxf5+ Kxf5 41.
Kd3 Nc5+ 42. Kc4 e4 43. Kb5 Nd7 44. Bc3 e3 45. Kc6 Ne5+ 46. Kxb6 e2 47. Kc7 a4
48. a3 Kf6 49. Kd6 Kf5 50. Ke7 Ng6+ 51. Ke8 Ne5 52. Ke7 Ng6+ 53. Kd6 Ne5 54. Kc7
Kf6 55. Kb6 Ke7 56. Kb5 Kd6 57. Kxa4 Kxd5 58. Kb3 Nd3 59. Kc2 e1=Q 60. Bxe1
Nxe1+ 61. Kc3 Kc5 62. a4 Nf3 63. b4+ Kb6 64. Kc4 Ne5+ 65. Kd5 Nc6 66. b5 Na5 67.
Kd4 Nb7 68. Kc4 Na5+ 1/2-1/2

[Event "41st Olympiad Women 2014"]
[Site "Tromso NOR"]
[Date "2014.08.10"]
[Round "8.40"]
[Board "4"]
[White "Kruk, Karina"]
[Black "Topic, Aja"]
[Result "1-0"]
[WhiteTitle "WCM"]
[WhiteElo "1795"]
[BlackElo "2132"]
[WhiteTeam "Ireland"]
[BlackTeam "Bosnia & Herzegovina"]
[WhiteFideId "1148184"]
[BlackFideId "14404591"]
[EventDate "2014.08.02"]

1. d4 d5 2. Nf3 e6 3. e3 Nf6 4. Bd3 Be7 5. O-O O-O 6. Nbd2 Nbd7 7. b3 b6 8. Bb2
Bb7 9. Ne5 c5 10. f4 Ne4 11. Bxe4 dxe4 12. Nxd7 Qxd7 13. Qg4 f5 14. Qg3 Bf6 15.
Qf2 Rad8 16. c3 e5 17. dxe5 Qxd2 18. exf6 Rxf6 19. c4 Rfd6 20. Be5 Qxf2+ 21.
Rxf2 Rd3 22. Re1 Bc6 23. h3 g6 24. g4 Rd2 25. g5 R2d3 26. h4 Kf7 27. Kf1 b5 28.
Kg1 bxc4 29. bxc4 R8d7 30. Rb2 Rd2 31. Re2 Rxe2 32. Rxe2 Bb7 33. Rc2 a5 34. Kf2
Ba6 35. Bb2 Rd1 36. Ba3 Rh1 37. Kg2 Rxh4 38. Bxc5 h6 39. gxh6 Rxh6 40. Bb6 g5
41. Bxa5 gxf4 42. exf4 Re6 43. Be1 Rc6 44. c5 Bb5 45. Kf2 Ra6 46. Bb4 Ke6 47.
Ke3 Kd5 48. a3 Rh6 49. Rd2+ Kc4 50. Rd4+ Kb3 51. Rd5 Rh3+ 52. Kd4 e3 53. Rxf5 e2
54. Re5 Kc2 55. Re3 Rh8 56. c6 Bxc6 57. Rc3+ Kd1 58. Rxc6 Rb8 59. Re6 Rb5 60.
Kc4 Rf5 61. Re4 Rf7 62. Kd3 Rd7+ 63. Ke3 e1=Q+ 64. Bxe1 Kxe1 65. Kf3+ Kd2 66.
Re2+ Kc3 67. Re3+ Kd4 68. a4 Kc5 69. f5 Rd4 70. Re4 Rd1 71. Kf4 Kd5 72. Re5+ Kd6
73. Re6+ Kd7 74. a5 Rf1+ 75. Ke5 Kc7 76. Kf6 Kb7 77. Kg6 Rg1+ 78. Kf7 Rg5 79.
a6+ Ka7 80. f6 Ka8 81. Ke8 Rg8+ 82. Ke7 Rc8 83. f7 Ka7 84. Kf6 Rc5 85. Re7+ Kxa6 1-0

[Event "41st Olympiad Women 2014"]
[Site "Tromso NOR"]
[Date "2014.08.10"]
[Round "8.41"]
[Board "1"]
[White "Abarca Gonzalez, Damaris"]
[Black "Mudongo, Boikhutso"]
[Result "1-0"]
[WhiteTitle "WFM"]
[BlackTitle "WIM"]
[WhiteElo "2049"]
[BlackElo "1844"]
[WhiteTeam "Chile"]
[BlackTeam "Botswana"]
[WhiteFideId "3409414"]
[BlackFideId "11300230"]
[EventDate "2014.08.02"]

1. e4 c5 2. Nf3 d6 3. d4 cxd4 4. Nxd4 Nf6 5. Nc3 a6 6. Be2 e6 7. Be3 Be7 8. O-O
Qc7 9. a4 b6 10. Kh1 Bb7 11. f3 d5 12. exd5 Nxd5 13. Nxd5 Bxd5 14. c4 Bb7 15.
Qe1 Nd7 16. Qf2 Rc8 17. Rfc1 Bc5 18. Rab1 Qd6 19. Rd1 Qe7 20. Qg3 O-O 21. Bh6
Bxd4 22. Rxd4 f5 23. Bxg7 Qxg7 24. Qxg7+ Kxg7 25. Rxd7+ Rf7 26. Rd6 Rc6 27. Rbd1
Kf6 28. Kg1 a5 29. Kf2 Ke5 30. g3 Rfc7 31. f4+ Kf6 32. Rd7 Bc8 33. Rxc7 Rxc7 34.
Rd6 Bd7 35. b3 Bc6 36. Bf3 Bxf3 37. Kxf3 Rb7 38. Ke3 Ke7 39. Rd2 Rc7 40. Rb2 Rc6
41. Rb1 h6 42. Kd4 Kd6 43. b4 axb4 44. Rxb4 Ke7 45. Rb5 h5 46. a5 bxa5 47. Rxa5
Rc7 48. Ra6 Rc8 49. Ra7+ Kf6 50. c5 Rd8+ 51. Kc3 Rc8 52. Kc4 Rb8 53. Ra2 Ke7 54.
Rd2 Rb1 55. c6 Rc1+ 56. Kb5 Rb1+ 57. Ka6 Ra1+ 58. Kb7 Rb1+ 59. Kc7 Rb3 60. Rd7+
Ke8 61. Rh7 Rb2 62. Rxh5 Ke7 63. h4 Rb3 64. Rg5 Kf7 65. h5 Rb2 66. Kc8 Rc2 67.
c7 Rb2 68. h6 Rh2 69. h7 Kf6 70. Kb8 1-0

[Event "41st Olympiad Women 2014"]
[Site "Tromso NOR"]
[Date "2014.08.10"]
[Round "8.41"]
[Board "2"]
[White "Lopang, Tshepiso"]
[Black "Jorquera Cabello, Valentina"]
[Result "0-1"]
[WhiteTitle "WIM"]
[BlackTitle "WIM"]
[WhiteElo "1778"]
[BlackElo "1999"]
[WhiteTeam "Botswana"]
[BlackTeam "Chile"]
[WhiteFideId "11300515"]
[BlackFideId "3405494"]
[EventDate "2014.08.02"]

1. d4 d5 2. Bf4 Nf6 3. Nf3 e6 4. e3 c5 5. Be2 Nc6 6. O-O cxd4 7. exd4 Bd6 8.
Bxd6 Qxd6 9. h3 O-O 10. Nbd2 b6 11. c3 Bb7 12. Re1 a6 13. Bd3 h6 14. Ne5 Nd7 15.
Nxd7 Qxd7 16. Nf3 Qe7 17. Bc2 f5 18. Qe2 Rae8 19. Qd3 Qf6 20. Bb3 Kh8 21. Rad1
b5 22. Ne5 Nxe5 23. Rxe5 Bc6 24. Rde1 Re7 25. Qe2 Rfe8 26. Bc2 g6 27. Qf3 Kg7
28. Qg3 Kf8 29. R5e2 Rd8 30. Re5 Kf7 31. Bd3 Bd7 32. f4 h5 33. h4 Ree8 34. Qf2
Rc8 35. g3 Qd8 36. R5e2 Qb6 37. Rd2 Rc7 38. Kh2 Rec8 39. Qe3 a5 40. Ree2 b4 41.
cxb4 Qxb4 42. a3 Qb6 43. Kh3 Rc1 44. Kg2 Ba4 45. Re1 R8c6 46. Rxc1 Rxc1 47. Re2
Rd1 48. Rd2 Rxd2+ 49. Qxd2 Qxd4 50. Qxa5 Qxb2+ 51. Kh1 Qxa3 52. Qc7+ Qe7 53. Qe5
Qc5 54. Qb2 Bc6 55. Kh2 d4 56. Qa2 Qd5 57. Qxd5 Bxd5 58. Kg1 Kf6 59. Kf2 e5 60.
fxe5+ Kxe5 61. Ke2 Be4 62. Bc4 f4 63. gxf4+ Kxf4 64. Kf2 Kg4 0-1

[Event "41st Olympiad Women 2014"]
[Site "Tromso NOR"]
[Date "2014.08.10"]
[Round "8.41"]
[Board "3"]
[White "Fuentes Inzunza, Lesly"]
[Black "Francis, Onkemetse"]
[Result "0-1"]
[BlackTitle "WFM"]
[WhiteElo "1895"]
[BlackElo "1735"]
[WhiteTeam "Chile"]
[BlackTeam "Botswana"]
[WhiteFideId "3408205"]
[BlackFideId "11301287"]
[EventDate "2014.08.02"]

1. d4 Nf6 2. c4 e6 3. Nc3 Bb4 4. Qc2 O-O 5. Nf3 c5 6. e3 b6 7. Bd3 Bb7 8. a3
Bxc3+ 9. bxc3 d6 10. e4 h6 11. O-O Re8 12. Bf4 Nh5 13. Bg3 Nxg3 14. fxg3 Nd7 15.
Qf2 Qe7 16. Qe3 cxd4 17. cxd4 e5 18. d5 Nc5 19. Be2 Bc8 20. Nh4 Rf8 21. Rf2 Bd7
22. Raf1 Nb7 23. Bh5 Qg5 24. Bxf7+ Kh7 25. Bg6+ Kg8 26. Rxf8+ Rxf8 27. Rxf8+
Kxf8 28. Qxg5 hxg5 29. Nf5 Bxf5 30. Bxf5 Na5 31. Kf2 Nxc4 32. a4 Ke7 33. Bc8 Nb2
34. Ba6 Nxa4 35. Ke3 Nc5 36. Bc4 a6 37. h4 gxh4 38. gxh4 b5 39. Ba2 b4 40. g4 b3
41. Bb1 a5 42. Kd2 a4 43. Kc3 a3 44. g5 a2 45. Bxa2 bxa2 46. Kb2 Nxe4 47. Kxa2
Nc3+ 0-1

[Event "41st Olympiad Women 2014"]
[Site "Tromso NOR"]
[Date "2014.08.10"]
[Round "8.41"]
[Board "4"]
[White "Botlhole, Kgalalelo"]
[Black "Miranda Gonzalez, Nicole"]
[Result "1/2-1/2"]
[WhiteTitle "WFM"]
[WhiteElo "1762"]
[BlackElo "1943"]
[WhiteTeam "Botswana"]
[BlackTeam "Chile"]
[WhiteFideId "11300469"]
[BlackFideId "3405770"]
[EventDate "2014.08.02"]

1. d4 d5 2. Bf4 Nf6 3. e3 Bf5 4. c4 c6 5. Nc3 e6 6. Qb3 b6 7. Nf3 Bd6 8. Bxd6
Qxd6 9. cxd5 exd5 10. Be2 Nbd7 11. Rc1 O-O 12. O-O Rac8 13. a4 c5 14. Qd1 c4 15.
Qd2 h6 16. Bd1 Bd3 17. Be2 Ne4 18. Qd1 Bxe2 19. Qxe2 Nxc3 20. Rxc3 Nf6 21. Nd2
Qb4 22. Rb1 Qxa4 23. Ra3 Qd7 24. Nf3 b5 25. Ne5 Qe7 26. Rba1 Rc7 27. Ra6 Ra8 28.
Qe1 Nd7 29. Nc6 Qe4 30. f3 Qc2 31. Ne7+ Kh7 32. Nxd5 Rb7 33. Qc3 Qxc3 34. bxc3
Nb8 35. R6a2 Nc6 36. Ra6 Nb8 1/2-1/2

[Event "41st Olympiad Women 2014"]
[Site "Tromso NOR"]
[Date "2014.08.10"]
[Round "8.42"]
[Board "1"]
[White "Richards, Deborah"]
[Black "Chandrasiri, S A K"]
[Result "1-0"]
[WhiteTitle "WIM"]
[BlackTitle "WFM"]
[WhiteElo "2024"]
[BlackElo "1777"]
[WhiteTeam "Jamaica"]
[BlackTeam "Sri Lanka"]
[WhiteFideId "7400446"]
[BlackFideId "9905049"]
[EventDate "2014.08.02"]

1. c4 Nf6 2. Nc3 e6 3. Nf3 b6 4. e4 d6 5. d4 Bb7 6. Bd3 Nbd7 7. O-O g6 8. Bg5 e5
9. d5 Bg7 10. b4 O-O 11. Nd2 h6 12. Be3 Nh5 13. Re1 Nf4 14. Bf1 Kh7 15. Rc1 f5
16. g3 fxe4 17. Ndxe4 Nh5 18. c5 Ndf6 19. cxd6 cxd6 20. Bh3 Bc8 21. Bxc8 Rxc8
22. h3 Qd7 23. Kg2 Nxe4 24. Nxe4 Nf6 25. Nxf6+ Bxf6 26. Qd2 Bg7 27. Rxc8 Rxc8
28. Rc1 Rxc1 29. Qxc1 Qb5 30. Qd2 Qc4 31. a4 e4 32. f3 Bc3 33. Qc2 exf3+ 34.
Kxf3 Qxd5+ 35. Qe4 Qxe4+ 36. Kxe4 Bxb4 37. Kd5 g5 38. g4 Bc5 39. Bd2 Kg6 40. Bc3
h5 41. Bb2 hxg4 42. hxg4 Kf7 43. Bc3 Ke7 44. Bd2 Kf6 45. Bc3+ Kg6 46. Bd2 a6 47.
Kc6 Kf6 48. Bc1 Ke5 49. Bxg5 d5 50. a5 Ke4 51. Bd2 Bd4 52. axb6 Bf2 53. g5 Kf5
54. b7 Ba7 55. Kxd5 Bb8 56. Be3 a5 57. Kc4 Bc7 58. Kb5 Ke6 59. Bd4 Kf5 60. Bf6
Kg6 61. Bd8 1-0

[Event "41st Olympiad Women 2014"]
[Site "Tromso NOR"]
[Date "2014.08.10"]
[Round "8.42"]
[Board "2"]
[White "Yashora, Tiumi"]
[Black "Miller, Rachel"]
[Result "0-1"]
[BlackTitle "WFM"]
[WhiteElo "1715"]
[BlackElo "1782"]
[WhiteTeam "Sri Lanka"]
[BlackTeam "Jamaica"]
[WhiteFideId "9903534"]
[BlackFideId "7401302"]
[EventDate "2014.08.02"]

1. d4 Nf6 2. c4 c5 3. d5 b5 4. cxb5 a6 5. b6 Qxb6 6. Nc3 g6 7. Nf3 d6 8. Nd2 Bg7
9. e4 O-O 10. Be2 Nbd7 11. O-O Ne5 12. h3 g5 13. Nf3 Nxf3+ 14. Bxf3 h6 15. Na4
Qd8 16. Rb1 Rb8 17. Bd2 Bd7 18. Nc3 Qc8 19. Be2 Kh8 20. Qc1 Rg8 21. f3 Nh5 22.
g4 Bd4+ 23. Kg2 Nf6 24. Rh1 Kg7 25. h4 Rh8 26. hxg5 hxg5 27. Rxh8 Qxh8 28. Bxg5
Qh7 29. Bxf6+ Bxf6 30. g5 Qh3+ 31. Kf2 Qh2+ 32. Ke1 Qg3+ 33. Kd1 Bxg5 0-1